Statistics for Lana del rey - The blackest day

Click here to take the quiz!

General Stats

  • This quiz has been taken 26 times
  • The average score is 318 of 411

Answer Stats

Answer% Correct
a
100%
and
100%
And
100%
I
100%
it
100%
it's
100%
It's
100%
me
100%
my
100%
On
100%
on
100%
we
100%
been
94%
blackest
94%
blue
94%
color
94%
day
94%
Ever
94%
favorite
94%
of
94%
since
94%
the
94%
to
94%
all
89%
All
89%
away
89%
baby
89%
got
89%
Got
89%
hear
89%
is
89%
nail
89%
polish
89%
song
89%
went
89%
for
83%
play
83%
that
83%
Billie
78%
Billy
78%
Holiday
78%
home
78%
I'm
78%
not
78%
tone
78%
You
78%
you
78%
car
72%
Carry
72%
don't
72%
Get
72%
going
72%
In
72%
in
72%
talk
72%
things
72%
wanna
72%
about
67%
can't
67%
(deeper)
67%
deeper
67%
God
67%
have
67%
love
67%
Oh
67%
up
67%
where
67%
again
61%
darker
61%
easy
61%
hard
61%
(harder)
61%
Harder
61%
harder
61%
Just
61%
just
61%
Looking
61%
nothing
61%
now
61%
Now
61%
own
61%
place
61%
really
61%
want
61%
wrong
61%
your
61%
Because
56%
explain
56%
future
56%
Getting
56%
new
56%
one
56%
think
56%
those
56%
better
50%
but
50%
come
50%
feel
50%
from
50%
gone
50%
hand
50%
her
50%
put
50%
were
50%
what
50%
break
44%
'Cause
44%
hair
44%
he's
44%
known
44%
Like
44%
under
44%
us
44%
gun
39%
let
39%
radio
39%
should've
39%
simple
39%
spell
39%
Than
39%
through
39%
weather
39%
did
33%
games
33%
hands
33%
listen
33%
Or
33%
phases
33%
playing
33%
them
33%
there's
33%
with
33%
air
28%
express
28%
gathered
28%
head
28%
holding
28%
trigonometry
28%
Wind
28%
falling
22%
forever
22%
strings
22%
heavy
17%
never
17%
heart
11%

Score Distribution

Percentile by Number Answered

Percent of People with Each Score

Your Score History

You have not taken this quiz